From sail to Saratoga ; a naval autobiography /

Bibliographic Details
Main Author: Zogbaum, Rufus Fairchild, 1879-1956
Other Authors: Mackey, D. W.
Format: Book
Language:English
Published: [Place of publication not identified] : [s.n], [1960?]
Subjects:

MARC

Tag First Indicator Second Indicator Subfields
LEADER 00000cam a2200000 a 4500
001 in00001403083
005 20151020054153.0
008 810413s1960 xx c 000 0 eng
010 |a  61043548  
035 |a (OCoLC)07329782 
035 |9 AHN0628AM 
040 |a DLC  |c NHC  |d TXA  |d UtOrBLW 
049 |a TXAS [mil] 
050 0 0 |a E746.Z6  |b A3 
090 |a V63.Z63  |b A3 1960 
100 1 |a Zogbaum, Rufus Fairchild,  |d 1879-1956. 
245 1 0 |a From sail to Saratoga ;  |b a naval autobiography /  |c by Rufus Fairchild Zogbaum. 
264 1 |a [Place of publication not identified] :  |b [s.n],  |c [1960?] 
264 3 |a Roma :  |b Tipographia Italo-Orientale 
300 |a 466 pages :  |b portrait ;  |c 22 cm. 
336 |a text  |b txt  |2 rdacontent 
337 |a unmediated  |b n  |2 rdamedia 
338 |a volume  |b nc  |2 rdacarrier 
600 1 0 |a Zogbaum, Rufus Fairchild,  |d 1879-1956. 
610 1 0 |a United States.  |b Navy  |x Officers  |x Correspondence. 
650 0 |a Admirals  |z United States  |v Biography. 
650 0 |a Admirals  |z United States  |x Correspondence. 
700 1 |a Mackey, D. W.  |t Interpolations. 
999 |a MARS 
999 f f |s f5d12ae1-3744-3893-95d7-8b7dfdb07cf8  |i 124ce8cc-6c06-3471-8b0d-b1a2d0b2776f  |t 0 
952 f f |p noncirc  |a Texas A&M University  |b College Station  |c Cushing Memorial Library & Archives  |d Cushing: Ragan Military (Does not check out)  |t 0  |e V63.Z63 A3 1960  |h Library of Congress classification  |i unmediated -- volume 
998 f f |a V63.Z63 A3 1960  |t 0  |l Cushing: Ragan Military (Does not check out)